[Event "Nuremberg-ch op 05th"]
[Site "Nuremberg"]
[Date "2005.05.07"]
[Round "2"]
[White "Lange, Vanessa"]
[Black "Musculus, Bjoern"]
[Result "0-1"]
[WhiteElo "1265"]
[BlackElo "1604"]
[PlyCount "98"]
[EventDate "2005.05.06"]
[EventType "swiss"]
[EventRounds "5"]
[EventCountry "GER"]
[SourceTitle "EXT 2007"]
[Source "ChessBase"]
[SourceDate "2006.11.23"]
[SourceVersion "1"]
[SourceVersionDate "2006.11.23"]
[SourceQuality "1"]

1. d4 d5 2. e4 dxe4 3. Nc3 Nf6 4. f3 exf3 5. Nxf3 Bg4 6. Be2 e6 7. 0-0 Nbd7 8. Ne5 Nxe5 9. dxe5 Bc5+ 10. Kh1 Qxd1 11. Bxd1 Bxd1 12. Nxd1 Ng4 13. Bf4 0-0-0 14. Bg3 Rd7 15. h3 Nh6 16. Nf2 Nf5 17. Bf4 g5 18. Bh2 Ne3 19. Rfc1 Rhd8 20. Nd3 Bb6 21. Nb4 a5 22. c3 axb4 23. cxb4 Rd1+ 24. Rxd1 Rxd1+ 25. Rxd1 Nxd1 26. Bg1 Bxg1 27. Kxg1 Nxb2 28. b5 Nc4 29. g3 Nxe5 30. Kf2 Kd7 31. Ke3 Kd6 32. Ke4 f5+ 33. Kd4 c5+ 34. bxc6 bxc6 35. a4 c5+ 36. Kc3 Kd5 37. a5 Nc6 38. a6 e5 39. Kd3 e4+ 40. Kc3 c4 41. Kd2 Kd4 42. Kc2 e3 43. Kd1 Kd3 44. a7 Nxa7 45. g4 e2+ 46. Ke1 Ke3 47. gxf5 c3 48. h4 c2 49. hxg5 c1R# 0-1